Toán cao cấp : Hàm nhiều biến

Đã lưu trong:
書目詳細資料
主要作者: Trần, Lưu Cường
格式: 圖書
語言:Undetermined
出版: Thành phố Hồ Chí Minh Nxb. Đại học Quốc gia Thành phố Hồ Chí Minh 2002
主題:
標簽: 添加標簽
沒有標簽, 成為第一個標記此記錄!
Thư viện lưu trữ: Trung tâm Học liệu Trường Đại học Cần Thơ
LEADER 00669nam a2200205Ia 4500
001 CTU_56940
008 210402s9999 xx 000 0 und d
020 |c 19500 
082 |a 515.84 
082 |b C561 
100 |a Trần, Lưu Cường 
245 0 |a Toán cao cấp : 
245 0 |b Hàm nhiều biến 
245 0 |c Trần Lưu Cường 
260 |a Thành phố Hồ Chí Minh 
260 |b Nxb. Đại học Quốc gia Thành phố Hồ Chí Minh 
260 |c 2002 
650 |a Mathematical analysis,Functions of several real variables 
904 |i Huỳnh Mai 
980 |a Trung tâm Học liệu Trường Đại học Cần Thơ